| 000 | 00350nam a2200145Ia 4500 | ||
|---|---|---|---|
| 008 | 230312s9999||||xx |||||||||||||| ||und|| | ||
| 082 |
_a624.18 _bMCK-B |
||
| 100 | _aMckay;W.B | ||
| 245 | 0 | _aBuilding Construction | |
| 260 |
_bLongman _aLondon _c1965 |
||
| 300 | _a141 | ||
| 546 | _aEng. | ||
| 650 |
_aArchitecture _vBuilding Construction |
||
| 942 | _cBK | ||
| 999 |
_c6632 _d6632 |
||